Województwa posiadające największy % urbanizacji - Statystyki

Ogólne statystyki
  • Ten quiz został rozwiązany 96 razy
  • Średni wynik to 5 z 6
Statystyki odpowiedzi
Procent
Urbanizacji
Województwo % Poprawnych
64,40 Mazowieckie
94%
76,73 Śląskie
90%
63,66 Pomorskie
86%
68,61 Dolnośląskie
78%
68,50 Zachodniopomorskie
60%
64,95 Lubuskie
45%
Nie znaleziono quizów pasujących do podanych kryteriów
Rozkład punktacji
Procent ludzi z każdym wynikiem
Percentyl według liczby udzielonych odpowiedzi
Twoja historia wyników
Nie rozwiązałeś tego quizu